| 000 | 01033nam a22002057a 4500 | ||
|---|---|---|---|
| 008 | 100817s1998 xxu||||| |||| 00| 0 ara d | ||
| 020 | _a0871878178 | ||
| 082 |
_222 _a347.73 _bب و م |
||
| 100 | 1 |
_917519 _aبوم ، لورانس |
|
| 245 |
_aالمحكمة العليا / _cلورانس بوم ؛ ترجمة مصطفى رياض |
||
| 260 |
_aالقاهرة : _bالجمعية المصرية لنشر المعرفة والثقافة العالمية ، _c1998. |
||
| 300 |
_a338 ص؛ _c24 سم. |
||
| 504 | _aيحتوى على إرجاعات ببليوجرافية | ||
| 541 |
_aألف باء ؛ _cشراء ؛ |
||
| 650 |
_917520 _aالمحكمة العليا _xقضايا |
||
| 650 |
_917521 _aالمحكمة العليا _zالولايات المتحدة الأمريكية |
||
| 700 |
_917522 _aرياض ، مصطفى _eترجمة |
||
| 942 |
_2ddc _cBB |
||
| 999 |
_c14673 _d14673 |
||